000 01641cam a22002054a 4500
005 20250605163923.0
008 250528s ||||||||||||||||||||||||d
035 _a14467
020 _a471377554
040 _aGR-AtMCL
_bgre
_dGR-AtMCL
_eAACR2
245 1 _aBergin and Garfield's Handbook of Psychotherapy and Behavior Change / Fifth Edition
250 _a5th
260 _bWiley,
_c2004
300 _a856
520 _aThe most authoritative thinking on the most pressing questions, issues, and controversies in psychotherapy research and practice. Historical and Methodological and Ethical and Conceptual Foundations, Introduction and Historical Overview, Methodology and Design and Evaluation in Psychotherapy Research, Theoretical Challenges to Therapy Practice and Research: The Constraint of Naturalism, Methodological Issues in Studying Psychotherapy Processes and Outcomes, Evaluating the Ingredients of Therapeutic Efficacy, The Efficacy and Effectiveness of Psychotherapy, The Influence of Client Variables on Psychotherapy, Therapist Variables, Fifty Years of Psychotherapy Process-Outcome Research: Continuity and Change, Major Approaches, Behavior Therapy with Adults, Cognitive and Cognitive Behavioral Therapies, Research on Experiential Psychotherapies, Research on Applications in Special Groups and Settings, Psychotherapy for Children and Adolescents, Health Psychology, Combining Psychotherapy and Psychopharmacology for Treatment of Mental Disorders, Research on Psychotherapy with Culturally Diverse Populations, Index.
700 1 _aLambert Michael J
_9147
942 _cBK
999 _c97
_d97